| 000 | 00712nam a22002055i 4500 | ||
|---|---|---|---|
| 001 | 156611 | ||
| 003 | ES-MaACL | ||
| 005 | 20230906210445.0 | ||
| 008 | 040802s1874 gw |||| | eng d | ||
| 040 |
_aCAM _bspa _cCAM |
||
| 100 | 1 |
_aKingsley, Henry. _9128457 |
|
| 245 | 1 | 0 |
_aReginald Hetherege / _cby Henry Kingsley. |
| 260 |
_aLeipzig : _bBernhard Tauchnitz, _c1874. |
||
| 300 |
_a2 v. (296 ; 288 p.) ; _c16 cm. |
||
| 490 | 1 |
_aCollection of british authors ; _v1427 ; 1428 |
|
| 650 | 4 |
_aNovela inglesa. _9137408 |
|
| 830 | 0 |
_aCollection of british authors ; _v1427 ; 1428 _9180703 |
|
| 852 |
_aES-MaACL _jG-11767 _z-- Enc. hol., conservando la cub. original _z-- Enc.2 t. en 1 v. |
||
| 999 |
_c156611 _d156611 |
||